| 000 | 00641nam a22002057a 4500 | ||
|---|---|---|---|
| 005 | 20251108165331.0 | ||
| 008 | 250721s1992 xx 000 0 ara d | ||
| 082 | 1 | 4 | _a636.2/سمي |
| 100 | 1 | _aسميث، فيرل . ر | |
| 245 | 1 | 0 | _aفسيولوجيا إدرار اللبن / |
| 264 | 1 |
_aطرابلس ( ليبيا ) : _bجامعة التحدي، _c1992. |
|
| 300 | _a381ص | ||
| 650 | 1 | 7 | _aالأبقار |
| 650 | 1 | 7 | _aالألبان |
| 650 | 1 | 7 | _aالطب البيطري |
| 700 | 1 |
_aعكاشه، مفتاح أحمد _eترجمة |
|
| 700 | 1 |
_aمحمد، شيروان محمود _eترجمة |
|
| 942 |
_2ddc _cBK |
||
| 999 |
_c25368 _d25368 |
||